| 000 | 00551 a2200181 4500 | ||
|---|---|---|---|
| 999 |
_c1516 _d1516 |
||
| 020 | _a9780071088381 | ||
| 050 | _aHF5635.SPI 2011 | ||
| 100 |
_aSpiceland, J. David, _d 1949- |
||
| 245 |
_aFinancial Accounting/ _cJ David Spiceland, Wayne Thomas and Don Herrmann |
||
| 250 | _a2nd | ||
| 264 |
_aLondon : _bMcGraw-Hill Education - Europe., _c2011. |
||
| 300 | _a736 pages ; 77 x 18 cm | ||
| 500 | _alncludes index | ||
| 650 | _aAccounting -- Textbooks. | ||
| 700 | _aThomas Wayne | ||
| 700 | _aDon Herrmann | ||
| 942 |
_2lcc _cBK _e2nd ed _h5635 _iSPI _kHF |
||